Juna-asemat kartalla - Länsi-Suomi - Statistics

Yleistilastot
  • Tätä visaa on pelattu 209 kertaa
  • Keskiarvotulos 18 / 30
Vastaukset kartalla
Vastauksille on annettu kartalla punavihreä väri sen mukaan, kuinka moni on saanut sen oikein.
 
Vastaustilastot
Vastaus % Oikein
Vaasa
98%
Seinäjoki
93%
Kokkola
89%
Jyväskylä
88%
Pietarsaari-Pedersöre
77%
Parkano
74%
Ähtäri
72%
Ähtärin Eläinpuisto-Zoo
72%
Jämsä
72%
Lapua
72%
Keuruu
70%
Kauhava
67%
Orivesi
67%
Orivesi Keskusta
67%
Ylivieska
67%
Alavus
63%
Kannus
55%
Petäjävesi
52%
Tuuri
49%
Haapajärvi
48%
Haapamäki
46%
Vilppula
45%
Nivala
44%
Härmä
42%
Tervajoki
40%
Juupajoki
36%
Myllymäki
24%
Pihlajavesi
24%
Pyhäsalmi
23%
Kolho
22%
Ehtoja vastaavia visoja ei löytynyt
Tulosjakauma
Jokaisen tuloksen saaneiden osuus
Persentiili vastausten määrän mukaan
Tuloshistoriasi
Et ole pelannut tätä visaa